Balzac en Pologne (Record no. 87078)

MARC details
000 -LEADER
campo de control de longitud fija 00736nam a2200193 i 4500
001 - NÚMERO DE CONTROL
campo de control 87078
003 - IDENTIFICADOR DE NÚMERO DE CONTROL
campo de control ES-MaACL
005 - FECHA Y HORA DE LA ÚLTIMA TRANSACCIÓN
campo de control 20240304212438.0
007 - CAMPO FIJO DE DESCRIPCIÓN FÍSICA--INFORMACIÓN GENERAL
campo de control de longitud fija t|
008 - DATOS DE LONGITUD FIJA--INFORMACIÓN GENERAL
campo de control de longitud fija 041220s1933 fr ||||1| fre d
100 1# - ENTRADA PRINCIPAL--NOMBRE DE PERSONA
Nombre de persona Korwin-Piotrowoska, Sophie de.
9 (RLIN) 68618
245 10 - MENCIÓN DEL TÍTULO
Título Balzac en Pologne
Resto del título : essai de bibliographie /
Mención de responsabilidad, etc. Sophie de Korwin-Piotrwska.
260 ## - PUBLICACIÓN, DISTRIBUCIÓN, ETC.
Lugar de publicación, distribución, etc. Paris :
Nombre del editor, distribuidor, etc. Champion,
Fecha de publicación, distribución, etc. 1933 (
Fabricante Jouve et C.)
300 ## - DESCRIPCIÓN FÍSICA
Extensión 118 p. ;
Dimensiones 25 cm.
505 8# - NOTA DE CONTENIDO CON FORMATO
Nota de contenido con formato Contiene: Ouvrages polonais relatifs à Balzac. - Influences exercées par Balzac en Pologne. - Appendice: Balzac et madame Hanska
600 10 - PUNTO DE ACCESO ADICIONAL DE MATERIA--NOMBRE DE PERSONA
Nombre de persona Balzac, Honoré de,
Fechas asociadas al nombre 1799-1850-
Subdivisión general Crítica e interpretación
9 (RLIN) 235188
852 ## - LOCALIZACIÓN
Ubicación ES-MaACL
Número de control de estantería A-2329
Holdings
Estatus retirado Estado de pérdida Estado de daño No para préstamo Biblioteca de origen Biblioteca actual Ubicación en estantería Fecha de adquisición Fuente de adquisición Total de préstamos Signatura topográfica completa Código de barras Visto por última vez Precio de reemplazo Tipo de ítem Koha
        Biblioteca del Ateneo de Madrid Biblioteca del Ateneo de Madrid Sala Pecera Planta 1 17/01/2008     A-2329 1090983 23/02/2023 23/02/2023 Libro impreso